Best QBs in College Football - Statistics

General Stats
  • This quiz has been taken 14 times
  • The average score is 12 of 28
Answer Stats
Hint Answer % Correct
Alabama Bryce Young
83%
Ohio State CJ Stroud
83%
North Carolina Drake Maye
75%
Oregon Bo Nix
67%
Michigan JJ McCarthy
67%
TCU Max Duggan
67%
USC Caleb Williams
58%
Georgia Stetson Bennett
58%
Florida Anthony Richardson
50%
Tennessee Hendon Hooker
50%
Kentucky Will Levis
50%
NC State Devin Leary
42%
Washington Michael Penix
42%
South Carolina Spencer Rattler
42%
Oklahoma State Spencer Sanders
42%
Kansas State Adrian Martinez
33%
Utah Cameron Rising
33%
Oklahoma Dillon Gabriel
33%
Clemson DJ Uiagalelei
33%
Maryland Taulia Tagovailoa
33%
Coastal Carolina Grayson McCall
25%
Colorado Shedeur Sanders
25%
Kansas State Will Howard
25%
West Virginia Garrett Greene
17%
Rice JT Daniels
17%
BYU Jaren Hall
8%
Marshall Cole Pennington
0%
Air Force Haaziq Daniels
0%
No matching quizzes found
Score Distribution
Percent of People with Each Score
Percentile by Number Answered
Your Score History
You have not taken this quiz